| 000 | 01064cam a22003254a 4500 | ||
|---|---|---|---|
| 999 |
_c57707 _d57707 |
||
| 001 | 15631836 | ||
| 005 | 20221105204215.0 | ||
| 008 | 090219s2019 paua b 001 0 eng | ||
| 010 | _a 2009007549 | ||
| 020 | _a9781416062165 1 | ||
| 035 | _a(DNLM)101496721 | ||
| 040 |
_aDNLM/DLC _cDLC |
||
| 041 | _aeng | ||
| 042 | _apcc | ||
| 050 | 0 | 0 |
_aQP31.2 _b.C67 2010 |
| 060 | 1 | 0 |
_aQT 104 _bC838p 2010 |
| 080 | _a612 C-83 | ||
| 082 | 0 | 0 |
_a612 _222 |
| 100 | 1 |
_aCostanzo, Linda S., _d1947- _99473 |
|
| 245 | 1 | 0 |
_aPhysiology / _cLinda S. Costanzo. |
| 250 | _aSeventh edition | ||
| 264 |
_aPhiladelphia, PA : _bWolters Kluwer, _cc2019. |
||
| 300 |
_a325 p. : _bill. (some col.) ; _c25 cm. |
||
| 650 | 0 |
_aPhysiology. _99560 |
|
| 650 | 2 | 2 |
_aPhysiology. _99560 |
| 653 | _aმედიცინა | ||
| 653 | _aფსიქოლოგია | ||
| 942 |
_2udc _cBK |
||
| 955 |
_axh03 2009-02-20 _ard13 2009-02-20 _axe11 2010-01-27 1 copy rec'd., to CIP ver. _axh00 2010-02-01 to USPL/STM _axh11 2010-05-14 (rev.) _aBarcode 00240568469 returned from bindery 2010-07-01 |
||